=LDR 00000nam 2200000 4500 =001 INLIS000000000049763 =005 20230614090438 =035 ##$$a 0010-031700000000208 =008 230614###########################0###### =020 ##$$a 978-602-9434-89-7 =040 ##$$a NBPDMAT =082 ##$$a 371.9 =090 ##$$a 371.9 Dia l =100 ##$$a Dian Nafi =245 1#$$a Loving and Living With ABK (Belajar dari ABK) /$c Dian Nafi ; editor Qoni =260 ##$$a Yogyakarta :$b Familia,$c 2015 =300 ##$$a viii, 80 hlm. ; $c 21 cm. =500 ##$$a Bibliografi : hlm .79 Biografi : hlm. 80 =650 #4$$a Pendidikan Luar Biasa =700 #$$a Qoni =850 ##$$a NBPDMAT =084 ##$$a 371.9 DIA l =990 ##$$a 21605835 =990 ##$$a 21605836 =990 ##$$a 21605837 =990 ##$$a 21605838 =990 ##$$a 21605839